|
|
แสดงรายละเอียดบรรณานุกรม |
|
|
Brief Record
: Get Marc (ISO 2709)
: E-mail record
: |
|
|
| LEADER 00000nam 2200000uu 4500 | |||
| 001 213423 | |||
| 003 ULIBM | |||
| 008 230627s||||||||th 000 0 tha d | |||
| 020 ^ ^a9786163984715 | |||
| 041 ^aTha | |||
| 060 4 ^aWY159 ศ234ค 2563 | |||
| 100 0 ^aศรีมนา นิยมค้า | |||
| 245 1 ^aความรู้พื้นฐานและการพยาบาลผู้ป่วยเด็กโรคมะเร็ง /^cศรีมนา นิยมค้า. | |||
| 250 ^ ^aพิมพ์ครั้งที่ 1. | |||
| 260 ^ ^aเชียงใหม่ :^bคณะพยาบาลศาสตร์ มหาวิทยาลัยเชียงใหม่,^c2563. | |||
| 300 ^ ^a129 หน้า :^bภาพประกอบ ;^c26 ซม. | |||
| 505 0 ^aมะเร็งในเด็ก -- เคมีบำบัด: การรักษามะเร็งในเด็ก -- หลักการพยาบาลผู้ป่วยเด็กที่ได้รับเคมีบำบัด -- การพยาบาลผู้ป่วยเด็กโรคมะเร็งเม็ดเลือดขาว -- หัตการที่พบบ่อยในผู้ป่วยเด็กโรคมะเร็ง -- สถานการณ์ตัวอย่างการพยาบาลผู้ป่วยเด็กโรคมะเร็ง. | |||
| 650 ^4 ^aมะเร็งในเด็ก^xการพยาบาล. | |||
| 650 ^4 ^aมะเร็งในเด็ก. | |||
| 650 ^4 ^aมะเร็งในเด็ก^xเคมีบำบัด. | |||
| 710 2 ^aมหาวิทยาลัยเชียงใหม่.^bคณะพยาบาลศาสตร์ | |||
| 999 ^aใช้งานได้ทุกระบบ | |||
| คุณยังไม่ได้ล็อกอิน คุณสามารถมีกิจกรรมร่วมกับเว็บไซต์ได้ แต่ต้องล็อกอินก่อน :: |
|
| สถานะ | |||||||||
| 1. | การพยาบาล (ตำราหลัก) | WY159 ศ234ค 2563 ฉ.1 | On Shelf ขอยืม | ||||||
| Note:จัดซื้อปีงบประมาณ 2564 | |||||||||
| 2. | การพยาบาล (ตำราหลัก) | WY159 ศ234ค 2563 ฉ.2 | On Shelf ขอยืม | ||||||
| Note:จัดซื้อปีงบประมาณ 2564 | |||||||||
| 3. | การพยาบาล (ตำราหลัก) | WY159 ศ234ค 2563 ฉ.3 | On Shelf ขอยืม | ||||||
| Note:จัดซื้อปีงบประมาณ 2564 | |||||||||
| 4. | การพยาบาล (ตำราหลัก) | WY159 ศ234ค 2563 ฉ.4 | On Shelf ขอยืม | ||||||
| Note:จัดซื้อปีงบประมาณ 2564 | |||||||||
| 5. | การพยาบาล (ตำราหลัก) | WY159 ศ234ค 2563 ฉ.5 | On Shelf ขอยืม | ||||||
| Note:จัดซื้อปีงบประมาณ 2564 | |||||||||
| 6. | การพยาบาล (ตำราหลัก) | WY159 ศ234ค 2563 ฉ.6 | On Shelf ขอยืม | ||||||
| Note:จัดซื้อปีงบประมาณ 2564 | |||||||||
| 7. | การพยาบาล (ตำราหลัก) | WY159 ศ234ค 2563 ฉ.7 | On Shelf ขอยืม | ||||||
| Note:จัดซื้อปีงบประมาณ 2564 | |||||||||
| 8. | การพยาบาล (ตำราหลัก) | WY159 ศ234ค 2563 ฉ.8 | On Shelf ขอยืม | ||||||
| Note:จัดซื้อปีงบประมาณ 2564 | |||||||||
| 9. | การพยาบาล (ตำราหลัก) | WY159 ศ234ค 2563 ฉ.9 | On Shelf ขอยืม | ||||||
| Note:จัดซื้อปีงบประมาณ 2564 | |||||||||
| 10. | การพยาบาล (ตำราหลัก) | WY159 ศ234ค 2563 ฉ.10 | On Shelf ขอยืม | ||||||
| Note:จัดซื้อปีงบประมาณ 2564 | |||||||||
| [แสดง 10/10 รายการ] | |||||||||
BibComment |
| คอมเมนท์ทรัพยากรรายการนี้ |
|
|